Angel Characters by Episode Count - Statistics

General Stats
  • This quiz has been taken 17 times
  • The average score is 11 of 16
Answer Stats
# Ep Character % Correct
110 Angel
100%
86 Cordelia Chase
100%
100 Wesley Wyndam-Pryce
100%
91 Charles Gunn
93%
70 Fred Burkle / Illyria
93%
28 Connor
86%
76 Lorne
86%
24 Spike
86%
35 Lilah Morgan
79%
17 Harmony Kendall
64%
19 Lindsey McDonald
64%
20 Darla
50%
10 Eve
43%
15 Kate Lockley
36%
11 Daniel Holtz
29%
12 Gavin Park
29%
No matching quizzes found
Score Distribution
Percent of People with Each Score
Percentile by Number Answered
Your Score History
You have not taken this quiz